Avionics Navigation Systems (Record no. 193995)

MARC details
000 -LEADER
fixed length control field 00508nam a2200205Ia 4500
008 - FIXED-LENGTH DATA ELEMENTS--GENERAL INFORMATION
fixed length control field 240823s9999||||xx |||||||||||||| ||und||
020 ## - INTERNATIONAL STANDARD BOOK NUMBER
International Standard Book Number 978-81-265-2400-6
082 ## - DEWEY DECIMAL CLASSIFICATION NUMBER
-- 629.1351 Q0
100 ## - MAIN ENTRY--PERSONAL NAME
Personal name Myron Kayton
245 #0 - TITLE STATEMENT
Title Avionics Navigation Systems
250 ## - EDITION STATEMENT
Edition statement 2nd
260 ## - PUBLICATION, DISTRIBUTION, ETC. (IMPRINT)
Date of publication, distribution, etc 2010
Name of publisher, distributor, etc Wiley India Pv
Place of publication, distribution, etc New Delhi
500 ## - GENERAL NOTE
General note YES
650 ## - SUBJECT ADDED ENTRY--TOPICAL TERM
Topical term or geographic name as entry element avionics
700 ## - ADDED ENTRY--PERSONAL NAME
Personal name Walter R Fried
942 ## - ADDED ENTRY ELEMENTS (KOHA)
Item type Books
Holdings
Withdrawn status Lost status Damaged status Permanent location Current location Date acquired Source of acquisition Cost, normal purchase price Full call number Barcode Date last seen Koha item type
      CENTRAL LIBRARY, NOORUL ISLAM CENTRE FOR HIGHER EDUCATION CENTRAL LIBRARY, NOORUL ISLAM CENTRE FOR HIGHER EDUCATION 01/02/2013 Power Book House 595.00 629.1351 Q0 45859 08/23/2024 Books
Visitors:
Copyright © 2024 Central Library NICHE.  All rights reserved.